00983nam a2200241 i 45000010005000000030009000050050017000140070003000310080041000340200018000750800018000931000043001112450104001542600053002583000022003114900071003336500029004047100050004338300076004838520045005599990015006049520122006196041ES-MaACL20250728030658.0t|890705s1988 sp ||||1| spa d a84-86314-53-4 a581.9(467.33)1 aTorre García, Antonio de la.911077510aFlora, vegetación y suelos de la sierra del Maigmó (Alicante) / cAntonio de la Torre García. aAlicante : bCaja de Ahorros Provincial, c1988. a248 p. ; c21 cm.1 aPublicaciones de la Caja de Ahorros Provincial de Alicante ; v14914aFlora-zMaigmó.9129042 aCaja de Ahorros Provincial de Alicante.9228000aPublicaciones de la Caja de Ahorros Provincial de Alicantev1499186986 aES-MaACLjL-13185 bR.116560 z. - rust. c6041d6041 00104070aATENEOMbATENEOMcDEPO2d2008-01-17eSCl0oL-13185p1006141r2023-02-23 00:00:00w2023-02-23yMONOGRAFIA